000 00374nam a2200157Ia 4500
008 221030s9999 xx 000 0 und d
020 _a8187433450
041 _aEnglish
082 _a105.23
_bGup
100 _aB. R. Gupta
245 0 _aPower Electronics
_cby B. R. Gupta
260 _bS.K Kataria & Sons
_aNew Delhi
_c2000
300 _a430
650 _aECE
942 _cBK
999 _c6636
_d6636